000 00401nam a2200145Ia 4500
008 230917s9999||||xx |||||||||||||| ||und||
040 _e206953
_aMAIN
041 _aEnglish
082 _a340 S74C
100 _aSunny, K C
245 0 _aCorrupt practices in the law elections
260 _aThiruvananthapuram
_bCentre for Advanced Legal Studies and Research
_c1993
300 _a513 p.
942 _cTH
999 _c125827
_d125827